Sri Ramakrishna : (Record no. 124227)

MARC details
000 -LEADER
fixed length control field 00720nam a22002297a 4500
005 - DATE AND TIME OF LATEST TRANSACTION
control field 20170124105936.0
010 ## - LIBRARY OF CONGRESS CONTROL NUMBER
LC control number 821123
020 ## - INTERNATIONAL STANDARD BOOK NUMBER
Terms of availability 22.00
035 ## - SYSTEM CONTROL NUMBER
System control number 821123
037 ## - SOURCE OF ACQUISITION
Source of stock number/acquisition Cen Lib/Ret
040 ## - CATALOGING SOURCE
Original cataloging agency DPL
Language of cataloging EN
082 ## - DEWEY DECIMAL CLASSIFICATION NUMBER
Classification number 230.35
Item number SRI
245 ## - TITLE STATEMENT
Title Sri Ramakrishna :
Remainder of title in the eyes of brahma and christian admirers /
Statement of responsibility, etc edited by Nanda Mookerjee
260 ## - PUBLICATION, DISTRIBUTION, ETC. (IMPRINT)
Place of publication, distribution, etc Calcutta
Name of publisher, distributor, etc Firma KLM
Date of publication, distribution, etc 1976
270 ## - ADDRESS
Address 257/B, Bepin Behari Ganguly Street
City Calcutta
Postal code 700012
300 ## - PHYSICAL DESCRIPTION
Extent various pagings :
Dimensions 21cm(Hb)
Other physical details ill.
500 ## - GENERAL NOTE
General note Includes index.
650 ## - SUBJECT ADDED ENTRY--TOPICAL TERM
Topical term or geographic name as entry element Ramakrishna, -- 1836-1886
9 (RLIN) 75152
650 ## - SUBJECT ADDED ENTRY--TOPICAL TERM
Topical term or geographic name as entry element Religion.
9 (RLIN) 75153
700 ## - ADDED ENTRY--PERSONAL NAME
Personal name Mookerjee, Nanda
9 (RLIN) 9869
942 ## - ADDED ENTRY ELEMENTS (KOHA)
Source of classification or shelving scheme Dewey Decimal Classification
Koha item type English Books
Classification part 230.35
Call number suffix SRI
Holdings
Withdrawn status Lost status Damaged status Not for loan Home library Current library Date acquired Source of acquisition Cost, normal purchase price Total Checkouts Full call number Barcode Date last seen Date checked out Copy number Cost, replacement price Price effective from Koha item type Public note
Written off       Central Library Central Library 15/06/2015 Cen Lib/Ret 22.00 1 230.35 SRI 821123 03/06/2017 18/05/2017 1 22.00 15/06/2015 English Books W/d List No. 6894/11 ; dtd 17/10/2020

© Delhi Public Library
Hit Counter
free hit counter